000 002230000a22000970004500
100 1 _aTson, Josef
245 1 0 _aThank you for the beating
300 _aVol. 9, Núm 2 (1991), Páginas 20-21
773 0 _tEvangel
942 _cANA
999 _c54273
_d54273